000 00299nam a2200133Ia 4500
100 _aBotkar/K.R
942 _cBK
654 _amicroelectronics
245 _aMicroelectronics:digital and analog
260 _bKhanna
_aDelhi
_c1991
082 _a621.38179
_bBOT
300 _a1346
546 _aENGLISH
999 _c29105
_d29105